Financial risk manager / (Record no. 1602)

000 -LEADER
fixed length control field 00530nam a22001937a 4500
005 - DATE AND TIME OF LATEST TRANSACTION
control field 20210427080826.0
008 - FIXED-LENGTH DATA ELEMENTS--GENERAL INFORMATION
fixed length control field 210219b2014 ||||| |||| 00| 0 eng d
020 ## - INTERNATIONAL STANDARD BOOK NUMBER
International Standard Book Number 1269591088
020 ## - INTERNATIONAL STANDARD BOOK NUMBER
International Standard Book Number 9781269591089
040 ## - CATALOGING SOURCE
Transcribing agency DLC
080 ## - UNIVERSAL DECIMAL CLASSIFICATION NUMBER
Universal Decimal Classification number 336
Item number F-54
245 ## - TITLE STATEMENT
Title Financial risk manager /
Remainder of title FRMPart 1
260 ## - PUBLICATION, DISTRIBUTION, ETC.
Place of publication, distribution, etc. Boston, Massachusetts
Name of publisher, distributor, etc. Garp
Date of publication, distribution, etc. 2014
300 ## - PHYSICAL DESCRIPTION
Extent 318 p.:
Other physical details ill
650 #0 - SUBJECT ADDED ENTRY--TOPICAL TERM
9 (RLIN) 454
Topical term or geographic name entry element Finances
653 ## - INDEX TERM--UNCONTROLLED
Uncontrolled term ფინანსები
710 ## - ADDED ENTRY--CORPORATE NAME
9 (RLIN) 1001
Corporate name or jurisdiction name as entry element Global assocition of risk professionals
942 ## - ADDED ENTRY ELEMENTS (KOHA)
Source of classification or shelving scheme
Koha item type Books
Holdings
Withdrawn status Lost status Source of classification or shelving scheme Damaged status Not for loan Permanent location Current location Date acquired Inventory number Total Checkouts Full call number Barcode Date last seen Price effective from Koha item type
          Ken Walker International University Ken Walker International University 02/19/2021 1567   336 F-54 1567 02/19/2021 02/19/2021 Books

Powered by Koha